000
00448nam a2200133Ia 4500
008
100328s9999 xx 000 0 und d
082
_b
60129
100
_a
भावे राम.
245
_a
कालीमातेच्या मंदिरात.
260
_b
आभा.
630
_a
कालीमातेच्या मंदिरात.
730
_a
कालीमातेच्या मंदिरात.
942
_c
BOOK
999
_c
546299
_d
546296